Traveling Textiles - Statistics

General Stats
  • This quiz has been taken 33 times
  • The average score is 7 of 20
Answer Stats
Picture Hint Answer % Correct
Silk China
89%
Kimono Japan
89%
Navajo Rug United States
68%
Chenille France
58%
Tartan United Kingdom
53%
Kantha Bangladesh
47%
Denim France
42%
Spandex United States
37%
Linen Egypt
32%
Khadi India
32%
Lopapeysa Sweaters Iceland
21%
Broadcloth United Kingdom
21%
Corduroy United Kingdom
21%
Ikat Cambodia
16%
Kente Cloth Ghana
16%
Paisley Iran
11%
Damask Italy
11%
Chintz India
5%
Suzani Uzbekistan
5%
Cashmere Mongolia / Nepal
0%
No matching quizzes found
Score Distribution
Percent of People with Each Score
Percentile by Number Answered
Your Score History
You have not taken this quiz